<?xml version="1.0" encoding="UTF-8"?>
<record
    xmlns:xsi="http://www.w3.org/2001/XMLSchema-instance"
    xsi:schemaLocation="http://www.loc.gov/MARC21/slim http://www.loc.gov/standards/marcxml/schema/MARC21slim.xsd"
    xmlns="http://www.loc.gov/MARC21/slim">

  <leader>00607nam a22001937a 4500</leader>
  <controlfield tag="003">LK-CoDNM</controlfield>
  <controlfield tag="005">20241129110818.0</controlfield>
  <controlfield tag="008">241129b        |||||||| |||| 00| 0 eng d</controlfield>
  <datafield tag="040" ind1=" " ind2=" ">
    <subfield code="a">LK-CoDNM</subfield>
    <subfield code="d">LK-CoDNM</subfield>
    <subfield code="e">LK-CoDNM</subfield>
  </datafield>
  <datafield tag="041" ind1=" " ind2=" ">
    <subfield code="a">sin</subfield>
  </datafield>
  <datafield tag="080" ind1=" " ind2=" ">
    <subfield code="a">294.3</subfield>
    <subfield code="b">ANA</subfield>
  </datafield>
  <datafield tag="100" ind1=" " ind2=" ">
    <subfield code="a">&#xDAD;&#xDCF;&#xDB9;&#xDD4;&#xD9C;&#xDBD; &#xD86;&#xDB1;&#xDB1;&#xDCA;&#x200D;&#xDAF; &#xDC3;&#xDD2;&#xDBB;&#xDD2; &#xDC4;&#xDD2;&#xDB8;&#xDD2;</subfield>
  </datafield>
  <datafield tag="245" ind1=" " ind2=" ">
    <subfield code="a">&#xDB8;&#xDC4;&#xDCF; &#xD85;&#xDBB;&#xDD2;&#xDBA;&#xDC0;&#xD82;&#xDC3; &#xDC3;&#xDD6;&#xDAD;&#xDCA;&#x200D;&#xDBB;&#xDBA;</subfield>
  </datafield>
  <datafield tag="260" ind1=" " ind2=" ">
    <subfield code="a">&#xDB1;&#xDCF;&#xD9C;&#xDC4;&#xDAD;&#xDD0;&#xDB1;&#xDCA;&#xDB1;</subfield>
    <subfield code="b">&#xDB0;&#xDBB;&#xDCA;&#x200D;&#xDB8; &#xDB4;&#xDCA;&#x200D;&#xDBB;&#xDA0;&#xDCF;&#xDBB;&#xD9A; &#xDC3;&#xDB8;&#xDD2;&#xDAD;&#xDD2;&#xDBA;</subfield>
    <subfield code="c">1973</subfield>
  </datafield>
  <datafield tag="300" ind1=" " ind2=" ">
    <subfield code="b">20p. ; 14 cm</subfield>
  </datafield>
  <datafield tag="650" ind1=" " ind2=" ">
    <subfield code="a">1973</subfield>
  </datafield>
  <datafield tag="650" ind1=" " ind2=" ">
    <subfield code="a">Buddhism</subfield>
  </datafield>
  <datafield tag="942" ind1=" " ind2=" ">
    <subfield code="c">BK</subfield>
  </datafield>
  <datafield tag="952" ind1=" " ind2=" ">
    <subfield code="0">0</subfield>
    <subfield code="1">0</subfield>
    <subfield code="4">1</subfield>
    <subfield code="7">0</subfield>
    <subfield code="8">OBC</subfield>
    <subfield code="a">MAIN</subfield>
    <subfield code="b">MAIN</subfield>
    <subfield code="c">REF</subfield>
    <subfield code="d">2024-11-28</subfield>
    <subfield code="l">0</subfield>
    <subfield code="o">294.3 ANA</subfield>
    <subfield code="p">OB9233</subfield>
    <subfield code="r">2024-11-29</subfield>
    <subfield code="w">2024-11-29</subfield>
    <subfield code="y">BK</subfield>
  </datafield>
  <datafield tag="999" ind1=" " ind2=" ">
    <subfield code="c">232880</subfield>
    <subfield code="d">232880</subfield>
  </datafield>
</record>
